Countries Without White - Sudden Death - Statistics

General Stats
  • This quiz has been taken 137 times
  • The average score is 7 of 15
Answers on the Grid
Answers color-coded by a green-red scale on the quiz's grid according to % correct below.
Albania
Angola
Belgium
Brazil
Burundi
Chile
China
Colombia
Cuba
Ethiopia
Georgia
Germany
Grenada
Guinea-Bissau
Haiti
Kiribati
Liberia
Malawi
Mongolia
Montenegro
Netherlands
Niger
North Korea
Norway
Rwanda
Sierra Leone
Tajikistan
Thailand
Ukraine
Vanuatu
 
Answer Stats
Answer % Correct
Belgium
89%
Albania
76%
China
72%
Germany
70%
Colombia
60%
Angola
58%
Ukraine
52%
Ethiopia
43%
Mongolia
38%
Malawi
36%
Guinea-Bissau
33%
Montenegro
33%
Grenada
32%
Rwanda
26%
Vanuatu
24%
No matching quizzes found
Score Distribution
Percent of People with Each Score
Percentile by Number Answered
Your Score History
You have not taken this quiz